| Поле | Инд. | ПП | Название | Значение |
|---|---|---|---|---|
| Тип записи | a | |||
| Библиографический уровень | m | |||
| 001 | Контрольный номер | ef8e195b47054011a70e823af1bdce48 | ||
| 005 | Дата корректировки | 20260428104824.6 | ||
| 022 | 0_ | a | ISSN | 0954-3899; 1361-6471 |
| 097 | a | Костяева О.Г. | ||
| 210 | 70 | a | Сокращенное заглавие | J. Phys. G-Nucl. Part. Phys. |
| 245 | 10 | a | Заглавие | Journal of Physics G: Nuclear and Particle Physics |
| 260 | b | Издательство | Institute of Physics and IOP Publishing Ltd. | |
| a | Место издания | United Kingdom | ||
| 514 | d | Специфические данные журнала | входит в Белый список; входит в Scopus;входит в WoS;Входит в ядро РИНЦ;зарубежный журнал;ненулевой импакт-фактор | |
| i | Импакт-фактор | SJR 0.941 | ||
| z | ретроспектива квартиля: Q1 Scopus 2019; Q2 WoS 2019; Q1 Scopus 2020; Q2 WoS 2020; Q1 Scopus 2021; Q1 Scopus 2022 | |||
| f | Квартиль | У1 Белый список; Q1 Scopus 2025 | ||
| 650 | 04 | a | Основная рубрика | физика; ядерная физика; физика высоких энергий |
| 856 | 40 | d | Путь | https://www.elibrary.ru/title_about.asp?id=2416 |
| u | URL | http://iopscience.iop.org/journal/0954-3899 | ||
| 901 | t | Тип документа | u | |
| 952 | c | Вид литературы | журнал |